Khoa học với sức khỏe = Science with health
Sách dạy cho trẻ em tên gọi các đối tượng gần gũi nhất trong cuộc sống cũng như những khái niệm cơ bản nhất về thế giới xung quanh. Với mục đích dạy tiếng Anh cơ bản cho trẻ nên sách được in dưới dạng song ngữ Anh-Việt....
保存先:
| 第一著者: | |
|---|---|
| フォーマット: | 図書 |
| 言語: | Undetermined |
| 出版事項: |
Hà Nội
Khoa học và Kỹ thuật
1996
|
| 主題: | |
| タグ: |
タグ追加
タグなし, このレコードへの初めてのタグを付けませんか!
|
| Thư viện lưu trữ: | Trung tâm Học liệu Trường Đại học Cần Thơ |
|---|
| LEADER | 00983nam a2200217Ia 4500 | ||
|---|---|---|---|
| 001 | CTU_16944 | ||
| 008 | 210402s9999 xx 000 0 und d | ||
| 020 | |c 25000 | ||
| 082 | |a 420 | ||
| 082 | |b H107 | ||
| 100 | |a Nguyễn, Thị Đức Hạnh | ||
| 245 | 0 | |a Khoa học với sức khỏe = | |
| 245 | 0 | |b Science with health | |
| 245 | 0 | |c Nguyễn Thị Đức Hạnh | |
| 260 | |a Hà Nội | ||
| 260 | |b Khoa học và Kỹ thuật | ||
| 260 | |c 1996 | ||
| 520 | |a Sách dạy cho trẻ em tên gọi các đối tượng gần gũi nhất trong cuộc sống cũng như những khái niệm cơ bản nhất về thế giới xung quanh. Với mục đích dạy tiếng Anh cơ bản cho trẻ nên sách được in dưới dạng song ngữ Anh-Việt. | ||
| 650 | |a Health,Sức khỏe | ||
| 904 | |i Nguyễn Quang Điền, tRONG hIEU | ||
| 980 | |a Trung tâm Học liệu Trường Đại học Cần Thơ | ||